<?xml version="1.0" encoding="UTF-8"?>
<marc:record xmlns:marc="http://www.loc.gov/MARC21/slim">
   <marc:leader>00000nam a2200000 a 4500</marc:leader>
   <marc:datafield ind1="1" ind2=" " tag="100">
      <marc:subfield code="a">Kaiblinger, Sonja</marc:subfield>
      <marc:subfield code="4">aut</marc:subfield>
      <marc:subfield code="e">Verfasser/-in</marc:subfield>
   </marc:datafield>
   <marc:datafield ind1="1" ind2=" " tag="100">
      <marc:subfield code="a">Bertrand, Frederic</marc:subfield>
   </marc:datafield>
   <marc:datafield ind1="0" ind2="0" tag="245">
      <marc:subfield code="a">Hals- und Knochenbruch</marc:subfield>
   </marc:datafield>
   <marc:datafield ind1="0" ind2="0" tag="245">
      <marc:subfield code="c">Sonja Kaiblinger. Mit Ill. von Frederic Bertrand</marc:subfield>
   </marc:datafield>
   <marc:datafield ind1=" " ind2="1" tag="264">
      <marc:subfield code="a">Bindlach</marc:subfield>
      <marc:subfield code="b">Loewe</marc:subfield>
      <marc:subfield code="c">2017</marc:subfield>
   </marc:datafield>
   <marc:datafield ind1="1" ind2=" " tag="490">
      <marc:subfield code="a">Scary Harry</marc:subfield>
      <marc:subfield code="v">6</marc:subfield>
   </marc:datafield>
   <marc:datafield ind1=" " ind2=" " tag="250">
      <marc:subfield code="a">1. Aufl.</marc:subfield>
   </marc:datafield>
   <marc:datafield ind1="1" ind2=" " tag="520">
      <marc:subfield code="a">Die Befreiung von Ottos Eltern gestaltet sich schwieriger als gedacht. Trotz der Hilfe seines besten Kumpels, Sensenmann Harry, landet das Test-Teleportationsobjekt Vincent immerzu in der schäbigen Jenseitskneipe Zur Qualle statt in Qualcatraz. Zur Ablenkung organisiert Tante Sharon einen Skiurlaub für die ganze Bande. Aber dort angekommen, muss Harry so manch halsbrecherisches Pistenmanöver vollführen, denn irgendwer scheint ihn in den Urlaub verfolgt zu haben ... Ob das alles mit dem seltsamen Dr Seymour zu tun hat, der Scary Harry Aufzeichnungen über ein Mittel für ewiges Leben anvertraut hatte?</marc:subfield>
   </marc:datafield>
   <marc:datafield ind1=" " ind2=" " tag="020">
      <marc:subfield code="a">9783785582664</marc:subfield>
      <marc:subfield code="9">9783785582664</marc:subfield>
   </marc:datafield>
   <marc:datafield ind1=" " ind2=" " tag="020">
      <marc:subfield code="a">3785582668</marc:subfield>
      <marc:subfield code="9">3785582668</marc:subfield>
   </marc:datafield>
   <marc:datafield ind1=" " ind2=" " tag="300">
      <marc:subfield code="a">249 S. : Ill.</marc:subfield>
   </marc:datafield>
</marc:record>
